000 00645nam a22001937a 4500
005 20170531153934.0
010 _aENG-118491
020 _a9788190892384
_c600.00
035 _aEN-102023
037 _bDBAD/PUB
082 _a362.420954558
100 _a Sharanjeet Kaur
245 _aSocial work intervention with speech and hearing impaired /
_cby Sharanjeet Kaur
260 _aNew Delhi
_bAlterNotes Press
_c2016
270 _a161/55, Hasrat Mohani Lane, Ghafoor Nagar Road Jamia Nagar,
_bNew Delhi
_e110025
300 _axiii,146p
_c22cm.(Hb)
500 _aIncludes references
942 _2ddc
_cEN
_h362.420954558
_mSHA
999 _c140630
_d140630